| 000 | 01035nas a2200313 4500 | ||
|---|---|---|---|
| 001 | BR2014006507 | ||
| 003 | BR-BrBNA | ||
| 005 | 20231205124618.0 | ||
| 007 | ta | ||
| 008 | 230509b bl.|||p| |||| 00| 00por d | ||
| 040 |
_aBR-BrBNA _bpor _cBiblioteca Nacional de Agricultura |
||
| 041 | _a(Pt) | ||
| 072 | _aL51; L02 | ||
| 100 | 1 | _aPaula, E.F.E. de | |
| 100 | 1 | _aMonteiro, A.L.G. | |
| 100 | 1 | _aPrado, O.R. | |
| 100 | 1 | _aCosmo, T.R. | |
| 100 | 1 | _aTeixeira Junior, N.S. | |
| 100 | 1 | _aKulik, C.H. | |
| 100 | 1 | _aTeixeira, R. de A. | |
| 245 | 1 | _aMedidas de desempenho e eficiência, características da carcaça mensuradas por ultrassonografia e o consumo alimentar residual de ovinos | |
| 650 | _aCORDEIRO | ||
| 650 | _aRAÇÃO | ||
| 650 | _aCONVERSÃO ALIMENTAR | ||
| 650 | _aEFICIÊNCIA NUTRICIONAL | ||
| 773 | 0 |
_tRevista Acadêmica. Ciências Agrárias e Ambientais (Brazil) _xISSN 0103-989X _g(Apr-Jun 2012), v. 10(2) p. 129-135 _wBR2014006507 |
|
| 909 |
_a202311 _bLúcia _c55 _dLúcia Elande |
||
| 942 |
_2AGRIS _n0 _cANA |
||
| 999 |
_c239980 _d239980 |
||